000 00668nam a2200253Ia 4500
003 OSt
005 20220918184005.0
006 a|||||r|||| 00| 0
007 ta
008 220917b |||||||| |||| 00| 0 eng d
024 _a43,469
037 _cTextual
040 _aARTS
_cARTS
_beng
041 _2eng
_aeng
082 _aO153,3N19x, 111N2
100 _aAmrita Pritam
_963850
245 0 _aSkeleton and that man
250 _a2nd
260 _aNew Delhi
_bSterling Papaerback India
_c1992
300 _a97p.
_ccm.
650 _aPUNJABI LITERATURE
942 _hO153,3N19x, 111N2
_cTEXL
_2CC
999 _c174661
_d174661